[Event "CZE-chT1W 1516"]
[Site "Czech Republic"]
[Date "2015.12.13"]
[Round "5.7"]
[White "Illetsko, Jaroslav"]
[Black "Nidl, Petr"]
[Result "1-0"]
[WhiteElo "2171"]
[BlackElo "2170"]
[PlyCount "38"]
[EventDate "2015.10.11"]
[EventType "team-tourn"]
[EventRounds "11"]
[EventCountry "CZE"]
[SourceTitle "EXT 2017"]
[Source "ChessBase"]
[SourceDate "2016.10.25"]
[SourceVersion "1"]
[SourceVersionDate "2016.10.25"]
[SourceQuality "1"]
[WhiteTeam "Praha Grop"]
[BlackTeam "Ceske Budejovice"]
[WhiteTeamCountry "CZE"]
[BlackTeamCountry "CZE"]

1. e4 g6 2. d4 c6 3. Bd3 Bg7 4. Ne2 d5 5. e5 Nh6 6. 0-0 f5 7. exf6 exf6 8. Nd2 0-0 9. Nf3 Bg4 10. Ne1 Bxe2 11. Qxe2 Re8 12. Qd1 Nd7 13. c3 a5 14. a4 Qb6 15. Nf3 Nf7 16. Qc2 f5 17. h4 Nf6 18. Bg5 Nxg5 19. Nxg5 Ne4 1-0

[Event "CZE-chT1W 1314"]
[Site "Czech Republic"]
[Date "2014.03.30"]
[Round "10.6"]
[White "Nidl, Petr"]
[Black "Plesek, Jiri"]
[Result "1/2-1/2"]
[WhiteElo "2203"]
[BlackElo "2147"]
[PlyCount "87"]
[EventDate "2013.10.20"]
[EventType "team-tourn"]
[EventRounds "11"]
[EventCountry "CZE"]
[SourceTitle "EXT 2015"]
[Source "ChessBase"]
[SourceDate "2014.11.20"]
[SourceVersion "1"]
[SourceVersionDate "2014.11.20"]
[SourceQuality "1"]
[WhiteTeam "Ceske Budejovice"]
[BlackTeam "Pankrac"]
[WhiteTeamCountry "CZE"]
[BlackTeamCountry "CZE"]

1. Nf3 d5 2. g3 Nf6 3. Bg2 Bf5 4. c4 c6 5. cxd5 cxd5 6. 0-0 e6 7. d3 h6 8. Qb3 Qb6 9. Qxb6 axb6 10. Nc3 Nc6 11. Nb5 Ra5 12. Nbd4 Bh7 13. Bd2 Ra4 14. Nb5 Bb4 15. b3 Ra5 16. Bxb4 Nxb4 17. a4 Ke7 18. Rac1 Nc6 19. Rc3 Rd8 20. Rfc1 Ne8 21. Rxc6 bxc6 22. Nbd4 Rc8 23. Rxc6 Rc5 24. Rxb6 Rc1+ 25. Bf1 f6 26. Rxe6+ Kd7 27. Rb6 Rd1 28. Rb7+ Rc7 29. Rxc7+ Nxc7 30. Nh4 Ne6 31. Nxe6 Kxe6 32. f4 Rb1 33. Nf3 Kd6 34. Nd4 g5 35. Kf2 Kc5 36. Ne6+ Kd6 37. Nd4 Kc5 38. Nc2 Rxb3 39. Ne3 h5 40. Bg2 Bg8 41. Nf5 Be6 42. Ng7 Bf7 43. Nf5 Be6 44. Ng7 1/2-1/2

[Event "CZE-chT1W 1314"]
[Site "Czech Republic"]
[Date "2014.01.12"]
[Round "5.5"]
[White "Nidl, Petr"]
[Black "Cesal, Jaroslav"]
[Result "0-1"]
[WhiteElo "2203"]
[BlackElo "2246"]
[PlyCount "80"]
[EventDate "2013.10.20"]
[EventType "team-tourn"]
[EventRounds "11"]
[EventCountry "CZE"]
[SourceTitle "EXT 2015"]
[Source "ChessBase"]
[SourceDate "2014.11.20"]
[SourceVersion "1"]
[SourceVersionDate "2014.11.20"]
[SourceQuality "1"]
[WhiteTeam "Ceske Budejovice"]
[BlackTeam "Praha Holdia II"]
[WhiteTeamCountry "CZE"]
[BlackTeamCountry "CZE"]

1. d4 d5 2. Nf3 Nf6 3. g3 c5 4. Bg2 Nc6 5. 0-0 e6 6. c3 Qb6 7. e3 Bd6 8. Nbd2 0-0 9. Nb3 e5 10. dxc5 Bxc5 11. Nxc5 Qxc5 12. Nd2 Bg4 13. Qb3 b5 14. Re1 Rfd8 15. a3 a5 16. Bf1 Rab8 17. h3 Be6 18. Qd1 e4 19. Nb3 Qb6 20. Nd4 Ne5 21. Kg2 Bd7 22. Be2 Ne8 23. Rh1 Qf6 24. Bd2 Nd6 25. Be1 Nf5 26. Nxf5 Bxf5 27. Qd4 a4 28. Rd1 Qe6 29. Qc5 Nd3 30. Bxd3 exd3 31. Bd2 Rbc8 32. Qxb5 Rb8 33. Qa5 d4 34. cxd4 Rd5 35. Qxa4 Be4+ 36. f3 Bxf3+ 37. Kxf3 Rf5+ 38. Kg2 Qe4+ 39. Kg1 Rf3 40. Kg2 Rxe3+ 0-1

[Event "CZE-chT1W 1314"]
[Site "Czech Republic"]
[Date "2013.11.10"]
[Round "2.5"]
[White "Nidl, Petr"]
[Black "Hollan, Martin"]
[Result "1-0"]
[WhiteElo "2203"]
[BlackElo "1936"]
[PlyCount "139"]
[EventDate "2013.10.20"]
[EventType "team-tourn"]
[EventRounds "11"]
[EventCountry "CZE"]
[SourceTitle "EXT 2015"]
[Source "ChessBase"]
[SourceDate "2014.11.20"]
[SourceVersion "1"]
[SourceVersionDate "2014.11.20"]
[SourceQuality "1"]
[WhiteTeam "Ceske Budejovice"]
[BlackTeam "Praha Oaza"]
[WhiteTeamCountry "CZE"]
[BlackTeamCountry "CZE"]

1. g3 Nf6 2. Bg2 d5 3. Nf3 e6 4. 0-0 Be7 5. c4 0-0 6. b3 b6 7. Bb2 Bb7 8. Qc2 c5 9. cxd5 Nxd5 10. a3 Nc6 11. d3 Rc8 12. e3 Ba6 13. Rd1 Bf6 14. Ne1 Qe7 15. Nd2 Nd4 16. exd4 cxd4 17. Qb1 Nc3 18. Bxc3 dxc3 19. Ne4 Be5 20. d4 Bb8 21. Qc2 f5 22. Nxc3 f4 23. Qd2 Qg5 24. Nf3 Qh5 25. g4 Qxg4 26. h3 Qh5 27. Re1 Rf6 28. d5 Rg6 29. Rxe6 Qxf3 30. Rxg6 Qxc3 31. Qxc3 Rxc3 32. Re6 Rc8 33. d6 Bb5 34. Rd1 Rd8 35. Bd5 Kf8 36. Bc4 Bxc4 37. bxc4 Kf7 38. Re4 Rxd6 39. Rxf4+ Ke7 40. Re1+ Re6 41. Rfe4 Rxe4 42. Rxe4+ Kd7 43. a4 Bd6 44. f4 Kc6 45. f5 h6 46. Re6 Kc5 47. f6 gxf6 48. Rxf6 h5 49. Rh6 Bg3 50. Rxh5+ Kxc4 51. Kg2 Be1 52. Rb5 Bc3 53. h4 Bd4 54. h5 a6 55. Rf5 Ba1 56. Rf1 Bh8 57. Kf3 b5 58. axb5 axb5 59. Ke4 b4 60. Rf8 Bg7 61. Rg8 Bf6 62. Rc8+ Kb3 63. Kd3 Be5 64. h6 Ka2 65. h7 b3 66. Ra8+ Kb1 67. h8Q Bxh8 68. Rxh8 b2 69. Rh1+ Ka2 70. Kc2 1-0

[Event "CZE-chT1W 1213"]
[Site "Czech Republic"]
[Date "2012.12.09"]
[Round "4.8"]
[White "Chmel, Kristian"]
[Black "Nidl, Petr"]
[Result "1/2-1/2"]
[WhiteElo "2064"]
[BlackElo "2205"]
[PlyCount "175"]
[EventDate "2012.10.28"]
[EventType "team-tourn"]
[EventRounds "11"]
[EventCountry "CZE"]
[SourceTitle "EXT 2014"]
[Source "ChessBase"]
[SourceDate "2013.11.20"]
[SourceVersion "1"]
[SourceVersionDate "2013.11.20"]
[SourceQuality "1"]
[WhiteTeam "Praha Kobylisy"]
[BlackTeam "Ceske Budejovice"]
[WhiteTeamCountry "CZE"]
[BlackTeamCountry "CZE"]

1. d4 c5 2. Nf3 cxd4 3. Nxd4 Nf6 4. g3 g6 5. Bg2 Bg7 6. 0-0 0-0 7. Nc3 Nc6 8. Nb3 d6 9. e4 a5 10. a4 Nb4 11. Nd4 Bd7 12. h3 Qc8 13. Kh2 Ne8 14. Nd5 Nxd5 15. exd5 Qc4 16. c3 Nc7 17. Qb3 Qxb3 18. Nxb3 b5 19. axb5 a4 20. Nd2 Nxb5 21. Nc4 Rfb8 22. Na3 Nc7 23. Re1 Kf8 24. Bg5 f6 25. Bc1 Kf7 26. Re2 Nb5 27. Nxb5 Bxb5 28. Re4 f5 29. Rb4 Bd7 30. Rxb8 Rxb8 31. Bf3 Bf6 32. Bd1 Rb5 33. Ra3 Rxd5 34. Bxa4 Bxa4 35. Rxa4 Ke6 36. Rb4 Re5 37. Be3 Re4 38. Rb5 Rc4 39. Kg2 h5 40. h4 Rc8 41. Kf3 Kd7 42. Ke2 e5 43. Rb4 d5 44. Kd3 f4 45. gxf4 e4+ 46. Ke2 Bxh4 47. Bd4 Rc6 48. Rb8 Bd8 49. f3 Bc7 50. Rb5 exf3+ 51. Kxf3 Ke6 52. Rb4 Bd6 53. Ra4 Bc5 54. Bg7 Bd6 55. Bd4 Bc5 56. Bg7 Be7 57. Bd4 Bf6 58. Be3 Bd8 59. Rb4 Bc7 60. Ra4 Kd7 61. Bd4 Bb6 62. Be5 Bc5 63. Ra5 Ke6 64. b4 Bd6 65. Bd4 Rc8 66. Ra6 Kd7 67. Ra7+ Rc7 68. Ra8 Rc8 69. Ra7+ Rc7 70. Ra1 Kc6 71. Rg1 Rf7 72. Rxg6 Rxf4+ 73. Ke2 Rg4 74. Rh6 Kd7 75. Rxh5 Ke6 76. Rh6+ Kd7 77. Rh7+ Kc6 78. Rh6 Kd7 79. Kd3 Rg2 80. Rh3 Rg3+ 81. Rxg3 Bxg3 82. Bc5 Kc6 83. c4 dxc4+ 84. Kxc4 Kb7 85. Kd5 Be1 86. b5 Bd2 87. Bd4 Be1 88. Bc5 1/2-1/2

[Event "CZE-chT1W 1213"]
[Site "Czech Republic"]
[Date "2012.11.11"]
[Round "2.8"]
[White "Nidl, Petr"]
[Black "Urban, Zdenek"]
[Result "1-0"]
[WhiteElo "2205"]
[BlackElo "2152"]
[PlyCount "81"]
[EventDate "2012.10.28"]
[EventType "team-tourn"]
[EventRounds "11"]
[EventCountry "CZE"]
[SourceTitle "CBM 151 Extra"]
[Source "ChessBase"]
[SourceDate "2012.12.18"]
[SourceVersion "1"]
[SourceVersionDate "2012.12.18"]
[SourceQuality "1"]
[WhiteTeam "Ceske Budejovice"]
[BlackTeam "Jicin"]
[WhiteTeamCountry "CZE"]
[BlackTeamCountry "CZE"]

1. Nf3 c5 2. g3 Nf6 3. Bg2 d5 4. 0-0 g6 5. d4 cxd4 6. Nxd4 Bg7 7. c3 0-0 8. Qb3 Nc6 9. Rd1 e5 10. Nxc6 bxc6 11. e4 Bg4 12. Rd3 Rb8 13. Qc2 Qb6 14. Nd2 Rfd8 15. h3 Be6 16. Re3 dxe4 17. Nxe4 Nxe4 18. Qxe4 Rd1+ 19. Re1 Rbd8 20. Qe2 Rxe1+ 21. Qxe1 f5 22. Qe2 Qb5 23. Qxb5 cxb5 24. Be3 e4 25. a4 a6 26. Bf1 Rb8 27. axb5 axb5 28. Ra6 Kf7 29. Ra7+ Kg8 30. Bf4 Rd8 31. Bxb5 Rd1+ 32. Kg2 e3 33. Bxe3 Bd5+ 34. f3 Rb1 35. c4 Rxb2+ 36. Kf1 Bxf3 37. Rxg7+ Kxg7 38. Bd4+ Kf7 39. Bxb2 Ke6 40. Kf2 Bb7 41. h4 1-0

[Event "CZE-chT1W 1213"]
[Site "Czech Republic"]
[Date "2012.10.28"]
[Round "1.7"]
[White "Nidl, Petr"]
[Black "Oresky, Jan"]
[Result "1/2-1/2"]
[WhiteElo "2205"]
[BlackElo "2255"]
[PlyCount "31"]
[EventDate "2012.10.28"]
[EventType "team-tourn"]
[EventRounds "11"]
[EventCountry "CZE"]
[SourceTitle "EXT 2013"]
[Source "ChessBase"]
[SourceDate "2012.11.22"]
[SourceVersion "1"]
[SourceVersionDate "2012.11.22"]
[SourceQuality "1"]
[WhiteTeam "Ceske Budejovice"]
[BlackTeam "Novoborsky II"]
[WhiteTeamCountry "CZE"]
[BlackTeamCountry "CZE"]

1. Nf3 d5 2. g3 Nf6 3. Bg2 c6 4. 0-0 Nbd7 5. d4 e6 6. c3 Be7 7. Nbd2 0-0 8. Qc2 Re8 9. Re1 Bf8 10. e4 dxe4 11. Nxe4 Nxe4 12. Qxe4 Nf6 13. Qh4 Nd5 14. Qe4 Nf6 15. Qh4 Nd5 16. Qe4 1/2-1/2

[Event "CZE-chT1W 1011"]
[Site "Czech Republic"]
[Date "2011.01.30"]
[Round "7.8"]
[White "Nidl, Petr"]
[Black "Kozak, Milos"]
[Result "1/2-1/2"]
[WhiteElo "2189"]
[BlackElo "2213"]
[PlyCount "32"]
[EventDate "2010.10.10"]
[EventType "team-tourn"]
[EventRounds "11"]
[EventCountry "CZE"]
[SourceTitle "EXT 2012"]
[Source "ChessBase"]
[SourceDate "2011.11.24"]
[SourceVersion "1"]
[SourceVersionDate "2011.11.24"]
[SourceQuality "1"]
[WhiteTeam "Ceske Budejovice"]
[BlackTeam "Postovni Sporitelna"]
[WhiteTeamCountry "CZE"]
[BlackTeamCountry "CZE"]

1. c4 e6 2. g3 d5 3. Bg2 Nf6 4. b3 Be7 5. Nf3 c5 6. 0-0 Nc6 7. Bb2 0-0 8. cxd5 exd5 9. d4 Ne4 10. Nbd2 Bf6 11. e3 Bg4 12. h3 Bh5 13. g4 Bg6 14. Ne5 cxd4 15. Nxc6 bxc6 16. Nxe4 Bxe4 1/2-1/2

[Event "CZE-chT1W 1011"]
[Site "Czech Republic"]
[Date "2011.01.16"]
[Round "6.8"]
[White "Turner, Radek"]
[Black "Nidl, Petr"]
[Result "0-1"]
[WhiteElo "2168"]
[BlackElo "2189"]
[PlyCount "88"]
[EventDate "2010.10.10"]
[EventType "team-tourn"]
[EventRounds "11"]
[EventCountry "CZE"]
[SourceTitle "EXT 2012"]
[Source "ChessBase"]
[SourceDate "2011.11.24"]
[SourceVersion "1"]
[SourceVersionDate "2011.11.24"]
[SourceQuality "1"]
[WhiteTeam "Kozolupy"]
[BlackTeam "Ceske Budejovice"]
[WhiteTeamCountry "CZE"]
[BlackTeamCountry "CZE"]

1. c4 g6 2. g3 Bg7 3. Bg2 Nf6 4. Nc3 0-0 5. e4 e5 6. Nge2 Nc6 7. 0-0 d6 8. f4 Bg4 9. h3 Bxe2 10. Nxe2 exf4 11. gxf4 Nh5 12. d4 Qh4 13. Be3 Ng3 14. Nxg3 Qxg3 15. Rf3 Qh4 16. Qd2 Rfe8 17. Bf2 Qf6 18. e5 dxe5 19. fxe5 Qe7 20. Rb3 Rad8 21. Rxb7 Nxe5 22. Qe2 Qg5 23. dxe5 Rxe5 24. h4 Qxg2+ 25. Kxg2 Rxe2 26. Kf3 Rxb2 27. Rxb2 Bxb2 28. Rb1 Bd4 29. Rd1 c5 30. Rd3 Rd6 31. Bg3 Rf6+ 32. Ke4 Ra6 33. Rd2 Kf8 34. Kd5 Ke7 35. Re2+ Kd7 36. Re1 Rxa2 37. Bd6 Be3 38. Be5 Rd2+ 39. Ke4 Bd4 40. Bf4 f5+ 41. Kf3 Rf2+ 42. Kg3 Rc2 43. Rb1 Rb2 44. Rc1 a5 0-1

[Event "CZE-chT1W 0910"]
[Site "Czech Republic"]
[Date "2010.03.21"]
[Round "10.5"]
[White "Nidl, Petr"]
[Black "Lacha, Josef"]
[Result "1-0"]
[WhiteElo "2199"]
[BlackElo "2089"]
[PlyCount "71"]
[EventDate "2009.10.11"]
[EventType "team-tourn"]
[EventRounds "11"]
[EventCountry "CZE"]
[SourceTitle "EXT 2011"]
[Source "ChessBase"]
[SourceDate "2010.11.26"]
[SourceVersion "1"]
[SourceVersionDate "2010.11.26"]
[SourceQuality "1"]
[WhiteTeam "Ceske Budejovice"]
[BlackTeam "Postovni sporitelna II"]
[WhiteTeamCountry "CZE"]
[BlackTeamCountry "CZE"]

1. Nf3 d5 2. g3 Nf6 3. Bg2 e6 4. 0-0 Be7 5. c4 0-0 6. b3 d4 7. e3 c5 8. exd4 cxd4 9. d3 Nc6 10. Re1 Qd7 11. Na3 Bc5 12. Nc2 a5 13. a3 Rd8 14. Rb1 Qe7 15. Qd2 Bb6 16. Bb2 Qc5 17. b4 axb4 18. axb4 Qh5 19. c5 Bc7 20. Ncxd4 Nxd4 21. Nxd4 Ra2 22. Nb5 Bb8 23. Nc3 Ra7 24. Rbd1 Bd7 25. Ne4 Nd5 26. Ra1 Rxa1 27. Bxa1 Qg6 28. d4 Bc6 29. Qb2 Nf6 30. Nxf6+ Qxf6 31. Bxc6 bxc6 32. b5 cxb5 33. Qxb5 Qf3 34. Qb6 Rc8 35. Rb1 Bc7 36. Qxc7 1-0

[Event "CZE-chT1W 0910"]
[Site "Czech Republic"]
[Date "2009.11.29"]
[Round "4.5"]
[White "Tuma, Jakub"]
[Black "Nidl, Petr"]
[Result "1-0"]
[WhiteElo "2201"]
[BlackElo "2199"]
[PlyCount "51"]
[EventDate "2009.10.11"]
[EventType "team-tourn"]
[EventRounds "11"]
[EventCountry "CZE"]
[SourceTitle "EXT 2011"]
[Source "ChessBase"]
[SourceDate "2010.11.26"]
[SourceVersion "1"]
[SourceVersionDate "2010.11.26"]
[SourceQuality "1"]
[WhiteTeam "Teplice"]
[BlackTeam "Ceske Budejovice"]
[WhiteTeamCountry "CZE"]
[BlackTeamCountry "CZE"]

1. e4 g6 2. d4 Bg7 3. Nc3 c5 4. Nf3 cxd4 5. Nxd4 Nc6 6. Be3 Qa5 7. f4 Nf6 8. Nb3 Qd8 9. e5 Ng8 10. Qf3 Nh6 11. 0-0-0 Nf5 12. Bf2 h5 13. Bc4 Na5 14. Nxa5 Qxa5 15. g4 hxg4 16. Qxg4 Qb4 17. Bb3 Kf8 18. Rhg1 Rh6 19. Rd5 d6 20. a3 Ne3 21. Qf3 Qxb3 22. cxb3 Nxd5 23. Qxd5 Rh5 24. h4 Bh6 25. Be3 Rxe5 26. Qd4 1-0

[Event "CZE-chT1W 0910"]
[Site "Czech Republic"]
[Date "2009.11.01"]
[Round "2.6"]
[White "Nidl, Petr"]
[Black "Adamek, Zdenek"]
[Result "0-1"]
[WhiteElo "2199"]
[BlackElo "2195"]
[PlyCount "64"]
[EventDate "2009.10.11"]
[EventType "team-tourn"]
[EventRounds "11"]
[EventCountry "CZE"]
[SourceTitle "EXT 2011"]
[Source "ChessBase"]
[SourceDate "2010.11.26"]
[SourceVersion "1"]
[SourceVersionDate "2010.11.26"]
[SourceQuality "1"]
[WhiteTeam "Ceske Budejovice"]
[BlackTeam "Holdia"]
[WhiteTeamCountry "CZE"]
[BlackTeamCountry "CZE"]

1. c4 Nf6 2. Nc3 g6 3. g3 Bg7 4. Bg2 0-0 5. Nf3 d6 6. 0-0 e5 7. d3 Nc6 8. Rb1 Bg4 9. b4 Qd7 10. Bg5 h6 11. Bd2 Rae8 12. b5 Nd4 13. e3 Nxf3+ 14. Bxf3 h5 15. Bxg4 hxg4 16. e4 Kh7 17. f3 gxf3 18. Qxf3 Ng4 19. Kg2 Bh6 20. Bxh6 Nxh6 21. Qe3 f5 22. Qxa7 f4 23. gxf4 exf4 24. Nd5 f3+ 25. Kh1 Qh3 26. Qf2 Ng4 27. Qg3 Qxg3 28. hxg3 Rf7 29. Nf4 g5 30. Nh3 Kg6 31. Nf2 Rh8+ 32. Kg1 Rh2 0-1

[Event "CZE-chT2a 0607"]
[Site "Czech Republic"]
[Date "2006.10.15"]
[Round "1.3"]
[White "Hase, Pavel"]
[Black "Nidl, Petr"]
[Result "0-1"]
[WhiteElo "2133"]
[BlackElo "2188"]
[PlyCount "90"]
[EventDate "2006.10.15"]
[EventType "team"]
[EventRounds "11"]
[EventCountry "CZE"]
[SourceTitle "EXT 2009"]
[Source "ChessBase"]
[SourceDate "2008.11.26"]
[SourceVersion "1"]
[SourceVersionDate "2008.11.26"]
[SourceQuality "1"]
[WhiteTeam "Praha Praga II"]
[BlackTeam "Ceske Budejovice"]
[WhiteTeamCountry "CZE"]
[BlackTeamCountry "CZE"]

1. e4 g6 2. d4 Bg7 3. Nc3 c5 4. Nf3 cxd4 5. Nxd4 Nc6 6. Be3 d6 7. Qd2 Nf6 8. f3 0-0 9. Bc4 Bd7 10. 0-0-0 Qa5 11. Bb3 Rfc8 12. h4 Ne5 13. h5 Nc4 14. Bxc4 Rxc4 15. hxg6 fxg6 16. Kb1 Rac8 17. Nd5 Qxd2 18. Nxf6+ Bxf6 19. Rxd2 a5 20. Ne2 b5 21. g3 a4 22. a3 b4 23. axb4 Rxb4 24. Bd4 Bxd4 25. Rxd4 Rb7 26. c3 Rcb8 27. Rd2 Rb3 28. Nc1 Rxc3 29. Rf1 Be6 30. Ka1 Re3 31. Re2 Rxe2 32. Nxe2 Bc4 33. Rf2 Bxe2 34. Rxe2 Rb3 35. Rf2 Kf7 36. Ka2 Ke6 37. Rf1 Ke5 38. g4 e6 39. g5 Kf4 40. Rd1 Rb6 41. Rh1 Kxf3 42. Rxh7 Kf4 43. Re7 e5 44. Re6 Kxg5 45. Ka3 Rb3+ 0-1

[Event "CZE-chT2a 0405"]
[Site "Czech Republic"]
[Date "2005.02.20"]
[Round "8.8"]
[White "Nidl, Petr"]
[Black "Baumruk, Josef"]
[Result "1/2-1/2"]
[WhiteElo "2219"]
[BlackElo "2062"]
[PlyCount "92"]
[EventDate "2004.10.17"]
[EventType "team"]
[EventRounds "11"]
[EventCountry "CZE"]
[SourceTitle "EXT 2007"]
[Source "ChessBase"]
[SourceDate "2006.11.23"]
[SourceVersion "1"]
[SourceVersionDate "2006.11.23"]
[SourceQuality "1"]
[WhiteTeam "Tabor"]
[BlackTeam "Klatovy"]
[WhiteTeamCountry "CZE"]
[BlackTeamCountry "CZE"]

1. d4 Nf6 2. e3 c5 3. c3 e6 4. Bd3 d5 5. f4 Be7 6. Nf3 Nbd7 7. Ne5 0-0 8. 0-0 Ne4 9. Rf3 f6 10. Nxd7 Bxd7 11. Nd2 f5 12. Rh3 Qe8 13. Nf3 c4 14. Bxe4 fxe4 15. Ne5 Bf6 16. Bd2 Bxe5 17. dxe5 b5 18. Qg4 Qf7 19. Be1 a5 20. Qh4 g6 21. Qg4 Qf5 22. Qh4 Qf7 23. Qg4 Qf5 24. Qe2 Qf7 25. Bh4 Ra7 26. Bf6 b4 27. Rh6 bxc3 28. bxc3 Rb8 29. h4 Qf8 30. Bg5 Rab7 31. h5 Be8 32. Qg4 Qf5 33. Qxf5 exf5 34. hxg6 Rb1+ 35. Rxb1 Rxb1+ 36. Kh2 Bxg6 37. Bd8 a4 38. Be7 Rc1 39. Bb4 a3 40. Kg3 Rc2 41. Rh1 Rxa2 42. Kh4 Rxg2 43. Bxa3 Bf7 44. Rb1 Kg7 45. Rb7 Rg4+ 46. Kh3 Rg6 1/2-1/2

[Event "CZE-chT2a 0405"]
[Site "Czech Republic"]
[Date "2004.10.17"]
[Round "1.7"]
[White "Pravdik, Kamil"]
[Black "Nidl, Petr"]
[Result "1-0"]
[WhiteElo "1989"]
[BlackElo "2219"]
[PlyCount "109"]
[EventDate "2004.10.17"]
[EventType "team"]
[EventRounds "11"]
[EventCountry "CZE"]
[SourceTitle "EXT 2007"]
[Source "ChessBase"]
[SourceDate "2006.11.23"]
[SourceVersion "1"]
[SourceVersionDate "2006.11.23"]
[SourceQuality "1"]
[WhiteTeam "Tabor II"]
[BlackTeam "Tabor"]
[WhiteTeamCountry "CZE"]
[BlackTeamCountry "CZE"]

1. e4 g6 2. d4 Bg7 3. Nc3 c5 4. Be3 cxd4 5. Bxd4 Nf6 6. Bc4 0-0 7. Nf3 Nc6 8. Be3 d6 9. 0-0 Bg4 10. Be2 Qd7 11. Qd2 Rfc8 12. Rfd1 Bxf3 13. Bxf3 Ne5 14. Be2 a6 15. Bd4 Nc6 16. Bb6 Rab8 17. Qe3 Ne5 18. Ba7 Ra8 19. Bd4 Qe6 20. a4 Nc4 21. Bxc4 Rxc4 22. f3 Rac8 23. Ra3 Nd7 24. a5 f5 25. Bxg7 Kxg7 26. Rd4 fxe4 27. Rxe4 Rxe4 28. Qxe4 Qxe4 29. fxe4 Kf7 30. Kf2 Ke6 31. Rb3 Nc5 32. Rb4 Rf8+ 33. Ke2 Ke5 34. g3 e6 35. Rc4 Rb8 36. b4 Nd7 37. Rc7 Nf6 38. Kd3 h6 39. Rg7 g5 40. Rg6 Rh8 41. h4 gxh4 42. gxh4 Rh7 43. Ke3 Rc7 44. Kd3 h5 45. Rg5+ Kf4 46. Ne2+ Kf3 47. Nd4+ Kf2 48. Nxe6 Rf7 49. Rf5+ Kg3 50. Nf4 Kxh4 51. Nxh5 Ng4 52. Rxf7 Ne5+ 53. Kd4 Nxf7 54. Ng7 Ne5 55. Nf5+ 1-0

[Event "CZE-chTJ 0102"]
[Site "Czech Republic"]
[Date "2002.??.??"]
[Round "3"]
[White "Nidl, Petr"]
[Black "Borkovec, Milan"]
[Result "1-0"]
[WhiteElo "2202"]
[BlackElo "2244"]
[PlyCount "51"]
[EventDate "2001.??.??"]
[EventType "team"]
[EventRounds "11"]
[EventCountry "CZE"]
[SourceTitle "EXT 2003"]
[Source "ChessBase"]
[SourceDate "2002.11.25"]
[SourceVersion "1"]
[SourceVersionDate "2002.11.25"]
[SourceQuality "1"]
[WhiteTeam "Ceske Budejovice"]
[BlackTeam "Tabor II"]
[WhiteTeamCountry "CZE"]
[BlackTeamCountry "CZE"]

1. d4 Nf6 2. c4 g6 3. Nc3 d5 4. g3 Bg7 5. Bg2 c6 6. cxd5 cxd5 7. Bg5 Nc6 8. Bxf6 Bxf6 9. e3 e6 10. Nge2 0-0 11. h4 Re8 12. Nf4 b6 13. Rc1 Bb7 14. Nd3 Qe7 15. h5 Rac8 16. hxg6 hxg6 17. Nf4 Kg7 18. 0-0 Ba6 19. Re1 Qb4 20. Qg4 Rh8 21. Rb1 Na5 22. Nxe6+ fxe6 23. Qxe6 Rce8 24. Qxf6+ Kxf6 25. Nxd5+ Kg7 26. Nxb4 1-0

[Event "CZE-chTJ 0001"]
[Site "Czech Republic"]
[Date "2000.??.??"]
[Round "3"]
[White "Gregor, Jiri"]
[Black "Nidl, Petr"]
[Result "1/2-1/2"]
[WhiteElo "2235"]
[BlackElo "2185"]
[PlyCount "83"]
[EventDate "2000.??.??"]
[EventType "team"]
[EventRounds "11"]
[EventCountry "CZE"]
[SourceTitle "EXT 2002"]
[Source "ChessBase"]
[SourceDate "2001.11.25"]
[SourceVersion "1"]
[SourceVersionDate "2001.11.25"]
[SourceQuality "1"]

1. d4 Nf6 2. Nf3 g6 3. c4 Bg7 4. Nc3 d6 5. g3 0-0 6. Bg2 Nbd7 7. 0-0 c6 8. e4 e5 9. h3 Re8 10. b3 Nh5 11. Bb2 a6 12. Re1 Qc7 13. Rc1 Rb8 14. Qd2 b5 15. cxb5 axb5 16. Nd5 Qb7 17. Nb4 c5 18. dxc5 dxc5 19. Nd3 Qa7 20. g4 Nf4 21. Nxf4 exf4 22. Bxg7 Kxg7 23. Re2 Qc7 24. e5 Bb7 25. Qxf4 Bxf3 26. Qxf3 Rxe5 27. Rxe5 Qxe5 28. Qc6 Qd4 29. Qd5 Qxd5 30. Bxd5 Rb6 31. Kg2 Kf6 32. f4 Rd6 33. Rd1 Nb6 34. Bf3 Rxd1 35. Bxd1 b4 36. Bf3 Ke6 37. Kf2 Nd5 38. Bxd5+ Kxd5 39. Ke3 f5 40. gxf5 gxf5 41. Kd3 h6 42. Ke3 1/2-1/2

[Event "CZE-chTJ 9900"]
[Site "Czech Republic"]
[Date "2000.??.??"]
[Round "?"]
[White "Nidl, Petr"]
[Black "Jandovsky, Jaroslav"]
[Result "1-0"]
[WhiteElo "2155"]
[BlackElo "2155"]
[PlyCount "95"]
[EventDate "1999.??.??"]
[EventType "team"]
[EventRounds "11"]
[EventCountry "CZE"]
[SourceTitle "EXT 2002"]
[Source "ChessBase"]
[SourceDate "2001.11.25"]
[SourceVersion "1"]
[SourceVersionDate "2001.11.25"]
[SourceQuality "1"]

1. Nf3 Nf6 2. c4 e6 3. g3 d5 4. Bg2 c6 5. b3 Nbd7 6. 0-0 Bd6 7. Ba3 Bxa3 8. Nxa3 0-0 9. d4 Re8 10. Qd3 Qe7 11. Nc2 e5 12. Nxe5 Nxe5 13. dxe5 Qxe5 14. cxd5 Bf5 15. Qd1 Rad8 16. Nd4 Be4 17. Nf3 Qxd5 18. Qxd5 Rxd5 19. Rfd1 Red8 20. Rxd5 Rxd5 21. h3 Kf8 22. Kf1 Ke7 23. Ke1 Kd6 24. Rc1 Ra5 25. Nd2 Bd5 26. e4 Be6 27. f4 Ke7 28. Rc2 Bd7 29. g4 b5 30. Ke2 h6 31. Ke3 Ra6 32. e5 Nd5+ 33. Bxd5 cxd5 34. Kd4 h5 35. f5 hxg4 36. hxg4 g6 37. f6+ Kd8 38. g5 Bf5 39. Rb2 Be6 40. Kc5 Rb6 41. Nf3 Kc7 42. Nd4 a6 43. Rh2 Bd7 44. Rh7 Re6 45. Kxd5 Bc6+ 46. Nxc6 Rxc6 47. Rxf7+ Kb6 48. Rd7 1-0